Are You Smarter Than a College Student? XXVII Quiz Stats

 Plays Quiz Updated Jan 25, 2016

Support Sporcle.
Go Orange.
Score 0/30 Timer 07:00
6 Plays Today
Hint Answer % Correct
EasyArizona
97%
Easyasthma
95.7%
Easyaloha
94.7%
EasyAfrica
93%
Easyᗅᗺᗷᗅ
92.1%
Easyalpha
90%
Easyarea
87.3%
Easyaorta
83.7%
Easyalgebra
83.3%
Easyantenna
83%
Mediumalpaca
79.1%
Mediuma cappella
76.5%
Mediumammonia
71.6%
MediumAthena
70.4%
Mediumagoraphobia
65.1%
Hint Answer % Correct
Mediumalfalfa
62%
MediumAurora
57.7%
MediumAttila
57%
MediumAlan Alda
53.6%
MediumAli Baba
52.2%
HardAcura
43.8%
HardAdriatic Sea
42.6%
HardAddis Ababa
42.5%
HardArgentina
40.8%
HardAnna Karenina
38.5%
HardAntony and Cleopatra
35.3%
HardAve Maria
35.3%
Hardakita
32.2%
HardAston Villa
26%
HardAndromeda
16.1%

You're not logged in!

Compare scores with friends on all Sporcle quizzes.
OR
Log In

From the Vault

Mambo No. 5 Girls

by Dyanna

Ladies and gentlemen, this is Mambo #5.
Remove Ads.
Support Sporcle.
Get the best of Sporcle when you Go Orange. This ad-free experience offers more features, more stats, and more fun while also helping to support Sporcle. Thank you for becoming a member.

Show Comments

Extras

Top Quizzes Today


Score Distribution

Your Account Isn't Verified!

In order to create a playlist on Sporcle, you need to verify the email address you used during registration. Go to your Sporcle Settings to finish the process.

Report this User

Report this user for behavior that violates our Community Guidelines.

Details: